Top 30 Largest Settlements in Surrey - Statistics

General Stats
  • This quiz has been taken 69 times
  • The average score is 15 of 30
Answer Stats
Population (2011) Location Answer % Correct
77,057 West Guildford
98%
105,367 North-West Woking
87%
31,474 North-East Epsom
76%
17,098 Central Dorking
70%
50,904 North Esher
70%
29,837 North Weybridge
70%
22,123 East Reigate
69%
66,566 North Walton-on-Thames
69%
34,498 East Redhill
63%
22,689 South-West Godalming
61%
32,522 Central Leatherhead
61%
38,038 North-West Camberly
59%
25,604 West Farnham
59%
51,727 North-East Ewell
57%
25,736 North Staines
57%
13,753 North Chertsey
50%
13,122 South-West Haslemere
50%
17,273 North Cobham
44%
22,693 South-East Horley
41%
10,653 North-East Banstead
37%
25,996 North Egham
37%
15,883 North Addlestone
31%
28,036 North Ashford
30%
21,437 East Caterham
30%
13,452 East Oxted
30%
13,901 North-East Ashtead
24%
19,094 North-West Frimley
24%
9,905 South Cranleigh
20%
9,092 North-East Warlingham
11%
6,791 North-West Lightwater
9%
No matching quizzes found
Score Distribution
Percent of People with Each Score
Percentile by Number Answered
Your Score History
You have not taken this quiz